Annales de Phytopathologie. Vol I: Numéro 3

Đã lưu trong:
书目详细资料
格式: 图书
语言:Undetermined
出版: Paris Intitut National de la Recherche Agronomique 1969
主题:
标签: 添加标签
没有标签, 成为第一个标记此记录!
Thư viện lưu trữ: Trung tâm Học liệu Trường Đại học Cần Thơ
LEADER 00472nam a2200157Ia 4500
001 CTU_38565
008 210402s9999 xx 000 0 und d
082 |a 581.2 
082 |b A613 
245 0 |a Annales de Phytopathologie. Vol I: Numéro 3 
260 |a Paris 
260 |b Intitut National de la Recherche Agronomique 
260 |c 1969 
650 |a plant diseases,plant protection 
904 |i Sáng, 970906 
980 |a Trung tâm Học liệu Trường Đại học Cần Thơ